Les consultants de foot les plus influents. - Statistiques

Statistiques générales
  • Ce quiz a été pris 67 fois
  • Le résultat moyen est 6 sur 25
Statistiques - réponses
Place Média Consultant % Correct
1 Canal+ Pierre Ménès
75%
19 RMC Christophe Dugarry
67%
2 RMC Daniel Riolo
63%
5 RMC Jérome Rothen
62%
20 Canal+ Habib Beye
60%
4 Canal+ Hervé Mathoux
48%
18 BeinSport Omar Da fonseca
38%
11 L'Equipe Didier Roustan
29%
6 L'Equipe Estelle Denis
27%
21 Canal+ Eric carrière
22%
14 L'Equipe Vincent Duluc
19%
13 RMC Gilbert Brisbois
16%
12 Cnews Pascal Praud
16%
7 L'Equipe Carine Galli
13%
24 Téléfoot Julien Maynard
13%
8 BeinSport Alexandre Ruiz
10%
10 France Football Nabil Djellit
10%
15 RMC Jano Resseguié
5%
17 Téléfoot Frédéric Calenge
3%
3 RMC Mohamed Bouhafsi
3%
16 L'Equipe Bilel Ghazi
2%
9 Europe1 Thomas Thouroude
2%
22 RMC Florent Germain
0%
25 L'Equipe Guy Sitruk
0%
23 RMC Simone Rovera
0%
Aucun quiz correspondant
Distribution des résultats
% des personnes avec chaque résultat
Percentile par nombre de réponses
Votre historique - résultats
Vous n’avez pas pris ce quiz